000 00323nam a2200121Ia 4500
008 191201s2015 xx 000 0 und d
100 _aJUNEJA, B L
245 0 _aFundamentals of Metal Cutting and Machine Tools
260 _aN. Delhi
_bNew Age International
_c2015
300 _a614
650 _aB.Tech(ME)
942 _2ddc
_cBK
999 _c6118
_d6118